[Event "ChFRA - Accession"]
[Site "Val d'Isere"]
[Date "2002.??.??"]
[Round "1.1"]
[White "Prie, Eric"]
[Black "Sanchez, Louis"]
[Result "1/2-1/2"]
[WhiteElo "2489"]
[BlackElo "2242"]
[PlyCount "36"]
[EventDate "2002.08.??"]

1. e4 e5 2. Nf3 Nf6 3. d4 Nxe4 4. Bd3 d5 5. Nxe5 Bd6 6. O-O Nd7 7. Nxd7 Bxd7 8.
c4 c6 9. Qc2 O-O 10. Bxe4 dxe4 11. Qxe4 Re8 12. Qd3 Qh4 13. g3 Qh3 14. Nc3 Bf5
15. Qd1 Bg4 16. Qd3 Bf5 17. Qd1 Bg4 18. Qd3 Bf5 1/2-1/2

[Event "ChFRA - Accession"]
[Site "Val d'Isere"]
[Date "2002.??.??"]
[Round "1.2"]
[White "Schabanel, Stephane"]
[Black "Chabanon, Jean-Luc"]
[Result "0-1"]
[WhiteElo "2242"]
[BlackElo "2483"]
[PlyCount "58"]
[EventDate "2002.08.??"]

1. e4 c5 2. Nc3 Nc6 3. Nf3 d6 4. d4 cxd4 5. Nxd4 Nf6 6. Bg5 e6 7. Qd2 Qb6 8.
Nb3 a6 9. O-O-O Qc7 10. f3 Rb8 11. Kb1 b5 12. h4 Ne5 13. Qf2 Nfd7 14. h5 h6 15.
Bc1 Bb7 16. f4 b4 17. Na4 Ng4 18. Qg3 Bxe4 19. Nd4 Ngf6 20. Bd3 Bd5 21. Rhe1
Nc5 22. Nxc5 dxc5 23. Nf5 c4 24. Nxg7+ Bxg7 25. Qxg7 cxd3 26. Rxd3 Ke7 27. Qg3
Rhg8 28. Qe3 Rxg2 29. Rxd5 Qxc2+ 0-1

[Event "ChFRA - Accession"]
[Site "Val d'Isere"]
[Date "2002.??.??"]
[Round "1.3"]
[White "Anic, Darko"]
[Black "Berthelot, Yannick"]
[Result "1/2-1/2"]
[WhiteElo "2454"]
[BlackElo "2239"]
[PlyCount "99"]
[EventDate "2002.08.??"]

1. Nf3 d5 2. d4 Nf6 3. c4 c6 4. Nc3 e6 5. e3 Nbd7 6. Bd3 dxc4 7. Bxc4 b5 8. Bd3
b4 9. Ne4 Be7 10. O-O Bb7 11. Nxf6+ Nxf6 12. e4 O-O 13. Qc2 Nd7 14. Rd1 Qb6 15.
Be3 c5 16. d5 exd5 17. exd5 Nf6 18. Bc4 Rad8 19. Qb3 Ng4 20. Rac1 Nxe3 21. fxe3
Bd6 22. e4 Rfe8 23. Re1 Qc7 24. Rc2 Bc8 25. Rce2 f6 26. e5 fxe5 27. Nxe5 Re7
28. Qg3 Rde8 29. Qg5 a6 30. Qh5 Bd7 31. Nxd7 Qxd7 32. Re6 Rxe6 33. dxe6 Qe7 34.
Bxa6 Rf8 35. Bc4 g6 36. Qe2 Kg7 37. g3 Qf6 38. Kg2 Be7 39. Qe5 Qxe5 40. Rxe5
Rd8 41. Re2 Rd1 42. a4 bxa3 43. bxa3 Rc1 44. Re4 Ra1 45. Re3 Rc1 46. Bd5 Rd1
47. Bb3 Rc1 48. Bd5 Rd1 49. Bb3 Rc1 50. Bd5 1/2-1/2

[Event "ChFRA - Accession"]
[Site "Val d'Isere"]
[Date "2002.??.??"]
[Round "1.4"]
[White "Coursaget, Nicolas"]
[Black "Pira, Davoud"]
[Result "0-1"]
[WhiteElo "2238"]
[BlackElo "2447"]
[PlyCount "72"]
[EventDate "2002.08.??"]

1. d4 Nf6 2. c4 e6 3. Nc3 Bb4 4. Qc2 O-O 5. a3 Bxc3+ 6. Qxc3 Ne4 7. Qc2 f5 8.
g3 b6 9. Bg2 Bb7 10. Nf3 Qe8 11. Ng5 Qg6 12. f4 h6 13. Nxe4 Bxe4 14. Bxe4 fxe4
15. d5 exd5 16. cxd5 c5 17. dxc6 Nxc6 18. Be3 d5 19. Rd1 Ne7 20. Qb3 Kh8 21.
Bd4 Rad8 22. Be5 Qh5 23. h3 Rd7 24. Bd4 Qg6 25. Be5 Rfd8 26. g4 Nc6 27. f5 Qe8
28. Bf4 d4 29. h4 d3 30. f6 Nd4 31. fxg7+ Rxg7 32. Qc3 Kh7 33. e3 Nf3+ 34. Kf2
Qe6 35. g5 Re8 36. Qb4 Rc7 0-1

[Event "ChFRA - Accession"]
[Site "Val d'Isere"]
[Date "2002.??.??"]
[Round "1.5"]
[White "Brochet, Philippe"]
[Black "Bouchet, Nicolas"]
[Result "1-0"]
[WhiteElo "2425"]
[BlackElo "2237"]
[PlyCount "131"]
[EventDate "2002.08.??"]

1. e4 c5 2. Nf3 Nc6 3. Bb5 g6 4. Bxc6 dxc6 5. d3 Bg4 6. h3 Bxf3 7. Qxf3 Bg7 8.
Nc3 e5 9. Be3 Qd6 10. a4 b6 11. a5 b5 12. O-O Nf6 13. Ne2 O-O 14. Nc1 Nd7 15.
Qe2 f5 16. f3 fxe4 17. dxe4 c4 18. a6 Nc5 19. b4 Ne6 20. c3 Rfd8 21. Qf2 Qe7
22. Ne2 Nf4 23. Bc5 Qf7 24. Nxf4 exf4 25. Bd4 Bxd4 26. cxd4 Qc7 27. Rfd1 Qb6
28. Kh1 Rd7 29. Qh4 Rf8 30. e5 Rxd4 31. e6 Rd3 32. Re1 Qc7 33. e7 Re8 34. Re6
Re3 35. Re1 c3 36. R1xe3 fxe3 37. Qe4 Kf7 38. Qxe3 c2 39. Re4 Rxe7 40. Qb3+ Kf6
41. Qc3+ Kf7 42. Qxc2 Rxe4 43. fxe4 Qb6 44. Qa2+ Kf6 45. Qb2+ Ke6 46. Qb3+ Kf6
47. Qf3+ Ke5 48. Qf7 Qe3 49. Qc7+ Kxe4 50. Qxc6+ Kf4 51. Qd6+ Kf5 52. Qd7+ Kf4
53. Qc7+ Ke4 54. Qc6+ Kf4 55. Qd6+ Kf5 56. Qd1 Ke6 57. Qf1 Qb6 58. Qa1 Qf2 59.
Qc1 Kd5 60. Kh2 Qd4 61. Qf1 Qb6 62. Qf7+ Ke5 63. Qb7 Qd6 64. Qxa7 Kf6+ 65. Kh1
Qxb4 66. Qb8 1-0

[Event "ChFRA - Accession"]
[Site "Val d'Isere"]
[Date "2002.??.??"]
[Round "1.6"]
[White "Shoker, Samy"]
[Black "Bagheri, Amir"]
[Result "0-1"]
[WhiteElo "2233"]
[BlackElo "2424"]
[PlyCount "107"]
[EventDate "2002.08.??"]

1. Nf3 d5 2. g3 c6 3. Bg2 Bg4 4. O-O Nd7 5. d3 Ngf6 6. Nbd2 e6 7. h3 Bxf3 8.
Bxf3 Bd6 9. e4 O-O 10. Bg2 dxe4 11. dxe4 Bc5 12. a4 a5 13. Qe2 e5 14. Nc4 Qc7
15. Kh1 g6 16. Bg5 Nh5 17. Rad1 Nb6 18. Bf3 Ng7 19. Bf6 Nxc4 20. Qxc4 Ne8 21.
Qxc5 Nxf6 22. Qd6 Qxd6 23. Rxd6 Rfd8 24. Rfd1 Rxd6 25. Rxd6 Kf8 26. Bg2 Ke7 27.
Rd2 Ra6 28. Kg1 Rb6 29. b3 Rb4 30. f3 b5 31. axb5 cxb5 32. Bf1 a4 33. bxa4 bxa4
34. Rd3 Rc4 35. Ra3 Rxc2 36. Rxa4 Nh5 37. Bc4 Nxg3 38. Ra7+ Kd6 39. Bxf7 Ne2+
40. Kf1 Nf4 41. Bg8 h5 42. Rf7 Rc1+ 43. Kf2 Nxh3+ 44. Kg3 Nf4 45. Bh7 Rc2 46.
Rg7 Rg2+ 47. Kh4 Kc5 48. Rc7+ Kd4 49. Bxg6 Rh2+ 50. Kg3 Rh3+ 51. Kf2 Rh2+ 52.
Kg1 Rg2+ 53. Kh1 Rxg6 54. Rc2 0-1

[Event "ChFRA - Accession"]
[Site "Val d'Isere"]
[Date "2002.??.??"]
[Round "1.7"]
[White "Santo-Roman, Marc"]
[Black "Castaignet, Laurent"]
[Result "1-0"]
[WhiteElo "2418"]
[BlackElo "2232"]
[PlyCount "29"]
[EventDate "2002.08.??"]

1. e4 c5 2. Nf3 e6 3. d4 cxd4 4. Nxd4 Nf6 5. Nc3 d6 6. g4 a6 7. g5 Nfd7 8. Bh3
Nb6 9. Bg2 g6 10. O-O Qc7 11. f4 N8d7 12. Kh1 Nc4 13. b3 Na5 14. Bb2 Rg8 15.
Qg4 1-0

[Event "ChFRA - Accession"]
[Site "Val d'Isere"]
[Date "2002.??.??"]
[Round "1.8"]
[White "Kirszenberg, Marc"]
[Black "Guidarelli, Laurent"]
[Result "0-1"]
[WhiteElo "2232"]
[BlackElo "2418"]
[PlyCount "48"]
[EventDate "2002.08.??"]

1. d4 Nf6 2. c4 c5 3. d5 b5 4. cxb5 a6 5. bxa6 g6 6. Nc3 Bxa6 7. e4 Bxf1 8.
Kxf1 d6 9. Nf3 Bg7 10. g3 O-O 11. Kg2 Nbd7 12. Re1 Ra6 13. Qc2 Qa8 14. b3 e6
15. dxe6 fxe6 16. Bb2 d5 17. exd5 exd5 18. a4 Ng4 19. Nd1 Bxb2 20. Nxb2 Raf6
21. h3 Nxf2 22. Qxf2 d4 23. Kg1 Rxf3 24. Qg2 Qb8 0-1

[Event "ChFRA - Accession"]
[Site "Val d'Isere"]
[Date "2002.??.??"]
[Round "1.9"]
[White "Marzolo, Cyril"]
[Black "Duquesnoy, Jean-Philipp"]
[Result "1-0"]
[WhiteElo "2415"]
[BlackElo "2231"]
[PlyCount "47"]
[EventDate "2002.08.??"]

1. Nf3 Nf6 2. g3 g6 3. d3 d5 4. Nbd2 Bg7 5. Bg2 O-O 6. O-O c5 7. e4 Nc6 8. Re1
b6 9. Qe2 e6 10. Nf1 dxe4 11. dxe4 Bb7 12. c3 Qc7 13. e5 Nd5 14. h4 a5 15. N1h2
Ba6 16. Qe4 Nde7 17. Ng4 Nf5 18. Nf6+ Kh8 19. Nxh7 Rfd8 20. Nhg5 Nh6 21. h5 Bd3
22. Qh4 gxh5 23. Qxh5 Bg6 24. Qh4 1-0

[Event "ChFRA - Accession"]
[Site "Val d'Isere"]
[Date "2002.??.??"]
[Round "1.10"]
[White "Heinis, Vincent"]
[Black "Tirard, Hugo"]
[Result "1-0"]
[WhiteElo "2228"]
[BlackElo "2409"]
[PlyCount "80"]
[EventDate "2002.08.??"]

1. d4 Nf6 2. c4 c5 3. d5 b5 4. cxb5 a6 5. e3 Qa5+ 6. Nc3 axb5 7. Bxb5 Bb7 8.
Bd2 Qb6 9. Qb3 e6 10. e4 Nxe4 11. Nxe4 Bxd5 12. Qd3 f5 13. Ng3 Bxg2 14. N1e2
Bxh1 15. Nxh1 Be7 16. Bc3 Bf6 17. Bxf6 gxf6 18. a4 Ra7 19. O-O-O Qc7 20. Qe3
Nc6 21. Qh6 Nd4 22. Nxd4 cxd4+ 23. Kb1 Qe5 24. Ng3 Rf8 25. f4 Qe3 26. Qxh7 Rc7
27. Qh4 Rc5 28. Nh5 Ke7 29. Qg3 Qe4+ 30. Qd3 Rh8 31. Ng3 Qxf4 32. Ne2 Qxh2 33.
Qxd4 d6 34. Nf4 Rd8 35. Re1 e5 36. Nd5+ Kf7 37. Qd1 Rdc8 38. Nc3 Qf2 39. Qh5+
Ke7 40. Rc1 Qg2 1-0

[Event "ChFRA - Accession"]
[Site "Val d'Isere"]
[Date "2002.08.21"]
[Round "2"]
[White "Adrian, Claude"]
[Black "Glicenstein, Asher"]
[Result "0-1"]
[WhiteElo "2337"]
[BlackElo "2209"]
[PlyCount "64"]
[EventDate "2002.08.??"]

1. Nf3 d5 2. d4 c6 3. c4 Nf6 4. Nc3 dxc4 5. g3 g6 6. Ne5 Be6 7. Bg2 Nbd7 8. f4
Bg7 9. O-O O-O 10. e4 Nxe5 11. fxe5 Bg4 12. Qd2 Ne8 13. h3 Bc8 14. Ne2 c5 15.
dxc5 Qxd2 16. Bxd2 Bxe5 17. Bc3 Bxc3 18. Nxc3 Be6 19. Nd5 Bxd5 20. exd5 Rc8 21.
Rfe1 Rxc5 22. Rxe7 Rb5 23. Rae1 Nd6 24. Rd7 Rb6 25. Rf1 Nf5 26. g4 Ne3 27. Rf2
Nd1 28. Re2 Nxb2 29. d6 Nd3 30. Rxb7 Rxb7 31. Bxb7 Rd8 32. Bd5 Nb4 0-1

[Event "ChFRA - Accession"]
[Site "Val d'Isere"]
[Date "2002.08.21"]
[Round "2"]
[White "Mevel, Alberic"]
[Black "Bergez, Luc"]
[Result "1-0"]
[WhiteElo "2249"]
[BlackElo "2351"]
[PlyCount "41"]
[EventDate "2002.08.??"]

1. e4 g6 2. d4 Bg7 3. Nc3 d6 4. f4 Nd7 5. Nf3 a6 6. Bc4 e6 7. a4 Ne7 8. O-O O-O
9. Kh1 d5 10. Bd3 dxe4 11. Nxe4 b6 12. c3 Bb7 13. Qe1 Nd5 14. Ne5 N5f6 15. Ng5
c5 16. Be3 Nd5 17. Nxd7 Nxe3 18. Qxe3 cxd4 19. Qh3 h6 20. Nxf8 hxg5 21. Nxe6
1-0

[Event "ChFRA - Accession"]
[Site "Val d'Isere"]
[Date "2002.08.21"]
[Round "2"]
[White "Abergel, Thal"]
[Black "Guyot, Philippe"]
[Result "0-1"]
[WhiteElo "2361"]
[BlackElo "2247"]
[PlyCount "62"]
[EventDate "2002.08.??"]

1. e4 g6 2. d4 Bg7 3. Nc3 c5 4. Nf3 cxd4 5. Nxd4 Nc6 6. Be3 Nf6 7. Bc4 d6 8. h3
O-O 9. Bb3 Na5 10. O-O b6 11. Bd5 Ba6 12. Bxa8 Bxf1 13. Bd5 Ba6 14. b4 Nc4 15.
b5 Nxe3 16. fxe3 Bc8 17. Qd2 e6 18. Bc6 Nd7 19. Rd1 Ne5 20. Nce2 Qc7 21. a4 Bb7
22. Bxb7 Qxb7 23. Ng3 h5 24. Nf3 Nc4 25. Qe2 Rc8 26. h4 Qe7 27. Qd3 Bf6 28. e5
Nxe5 29. Qxd6 Qxd6 30. Rxd6 Nxf3+ 31. gxf3 Be5 0-1

[Event "ChFRA - Accession"]
[Site "Val d'Isere"]
[Date "2002.08.21"]
[Round "2"]
[White "Le Roy, B."]
[Black "Maze, Sebastien"]
[Result "1-0"]
[WhiteElo "2249"]
[BlackElo "2364"]
[PlyCount "73"]
[EventDate "2002.08.??"]

1. e4 c5 2. Nf3 Nc6 3. d4 cxd4 4. Nxd4 g6 5. Nc3 Bg7 6. Be3 Nf6 7. Bc4 O-O 8.
Bb3 Ng4 9. Qxg4 Nxd4 10. Qd1 Nxb3 11. axb3 a6 12. O-O d6 13. Bd4 Be6 14. Bxg7
Kxg7 15. Qd4+ Kg8 16. f4 f6 17. f5 Bf7 18. Nd5 Kg7 19. Rf3 Bxd5 20. exd5 g5 21.
h4 h6 22. Rg3 Kh7 23. Kf2 Qd7 24. Qe4 Rg8 25. Re1 Rae8 26. hxg5 Rxg5 27. Rxg5
hxg5 28. Rh1+ Kg7 29. Qg4 Rg8 30. Rh5 Qc7 31. Qe4 Rc8 32. c3 Re8 33. Qd4 Kg8
34. b4 Qd7 35. Qg4 Kg7 {#} 36. Rxg5+ fxg5 37. f6+ 1-0

[Event "ChFRA - Accession"]
[Site "Val d'Isere"]
[Date "2002.08.21"]
[Round "2"]
[White "Chabanon, Jean-Luc"]
[Black "Plantet, Sebastien"]
[Result "1-0"]
[WhiteElo "2483"]
[BlackElo "2301"]
[PlyCount "65"]
[EventDate "2002.08.??"]

1. d4 Nf6 2. Nf3 e6 3. c4 Bb4+ 4. Bd2 c5 5. Bxb4 cxb4 6. g3 O-O 7. Bg2 d6 8.
O-O a5 9. a3 Na6 10. Ne1 Rb8 11. Nc2 b5 12. cxb5 Rxb5 13. a4 Rb8 14. Nd2 Bb7
15. Bxb7 Rxb7 16. Nb3 Qb6 17. Qd3 e5 18. dxe5 dxe5 19. Ne3 Nc5 20. Nxc5 Qxc5
21. Rac1 Qe7 22. Rc6 e4 23. Qa6 Rc7 24. Nf5 Qe5 25. Qb5 Qxb5 26. axb5 Rb7 27.
Nd6 Re7 28. b6 e3 29. fxe3 Ne4 30. Nxe4 Rxe4 31. Rfc1 Re5 32. R1c5 Ree8 33.
Rxa5 1-0

[Event "ChFRA - Accession"]
[Site "Val d'Isere"]
[Date "2002.08.21"]
[Round "2"]
[White "Pira, Davoud"]
[Black "Valuet, Bertrand"]
[Result "1-0"]
[WhiteElo "2447"]
[BlackElo "2295"]
[PlyCount "65"]
[EventDate "2002.08.??"]

1. d4 d5 2. Nf3 Nf6 3. c4 c6 4. e3 Bf5 5. Bd3 Bxd3 6. Qxd3 e6 7. O-O Nbd7 8.
Nbd2 a6 9. e4 b5 10. cxd5 cxd5 11. e5 Ng8 12. a4 b4 13. a5 Nb8 14. Nb3 Ne7 15.
Ne1 Ra7 16. Bd2 Nec6 17. Qg3 Rb7 18. Nd3 Rb5 19. Rfc1 g6 20. Rc2 Be7 21. Bh6
Qd7 22. Bg7 Rg8 23. Bf6 Qa7 24. Qh4 h5 25. Rac1 Bxf6 26. exf6 Kd7 27. Qf4 Rd8
28. Nbc5+ Kc8 {#} 29. Nxe6 fxe6 30. Rxc6+ Nxc6 31. Rxc6+ Kd7 32. Ne5+ Ke8 33.
Qh6 1-0

[Event "ChFRA - Accession"]
[Site "Val d'Isere"]
[Date "2002.08.21"]
[Round "2"]
[White "Guidarelli, Laurent"]
[Black "Monroy, Charles"]
[Result "1-0"]
[WhiteElo "2418"]
[BlackElo "2273"]
[PlyCount "57"]
[EventDate "2002.08.??"]

1. e4 c5 2. Nc3 a6 3. g3 b5 4. Bg2 Bb7 5. a4 b4 6. Nd5 e6 7. Ne3 Nf6 8. d3 Qc7
9. Ne2 d6 10. O-O Nbd7 11. f4 h5 12. h3 Be7 13. a5 g6 14. c3 d5 15. e5 Ng8 16.
d4 cxd4 17. cxd4 f5 18. exf6 Ngxf6 19. Bd2 Kf7 20. Qb3 Bc6 21. Nc1 Bb5 22. Nd3
Bxd3 23. Qxd3 Kg7 24. Rfc1 Qb7 25. Qe2 Bd6 {#} 26. Nc4 Qb8 27. Ne5 Re8 28. Rc6
Rc8 29. Nxd7 1-0

[Event "ChFRA - Accession"]
[Site "Val d'Isere"]
[Date "2002.08.21"]
[Round "2"]
[White "Ricou, Pierre"]
[Black "Boudre, Jean-Pierre"]
[Result "0-1"]
[WhiteElo "2255"]
[BlackElo "2397"]
[PlyCount "44"]
[EventDate "2002.08.??"]

1. e4 e5 2. Nf3 Nc6 3. Bc4 Nf6 4. Ng5 d5 5. exd5 Na5 6. Bb5+ c6 7. dxc6 bxc6 8.
Be2 h6 9. Nf3 e4 10. Ne5 Bc5 11. f4 Qb6 12. Kf1 Qc7 13. d4 exd3 14. Bxd3 O-O
15. Nd2 Be6 16. Qe1 Bd6 17. Ndf3 Rfe8 18. h3 Bd5 19. Bd2 Nb7 20. Qf2 Nc5 21.
Kg1 Nce4 22. Qh4 {#} 22... Bc5+ $3 {Et la Dame est perdue...} 0-1

[Event "ChFRA - Accession"]
[Site "Val d'Isere"]
[Date "2002.08.21"]
[Round "2"]
[White "Claverie, Christophe"]
[Black "Gouret, Thierry"]
[Result "1-0"]
[WhiteElo "2392"]
[BlackElo "2254"]
[PlyCount "65"]
[EventDate "2002.08.??"]

1. d4 Nf6 2. Bg5 e6 3. e4 d5 4. e5 h6 5. Be3 Nfd7 6. f4 c5 7. c3 Qb6 8. Qd2 Qa5
9. Nf3 Nc6 10. Bd3 cxd4 11. Nxd4 Nxd4 12. Bxd4 Qc7 13. O-O Nc5 14. Bc2 Bd7 15.
Qe3 Be7 16. Nd2 b6 17. Rac1 O-O 18. Rf3 f5 19. exf6 Bxf6 20. b4 Nb7 21. Qd3
Bxd4+ 22. cxd4 Qd8 23. Qh7+ Kf7 24. Rg3 Qf6 25. Nf3 Rg8 26. Ne5+ Ke7 27. Rg6
Qf8 28. f5 exf5 29. Nxd7 Kxd7 30. Ba4+ Kd8 {#} 31. Rf6 $3 Qxf6 32. Qxg8+ Ke7
33. Rc7+ 1-0

[Event "ChFRA - Accession"]
[Site "Val d'Isere"]
[Date "2002.08.21"]
[Round "2"]
[White "Bassard, Edouard"]
[Black "Midoux, Sebastien"]
[Result "0-1"]
[WhiteElo "2140"]
[BlackElo "2286"]
[PlyCount "64"]
[EventDate "2002.08.??"]

1. e4 c5 2. Nf3 d6 3. d4 Nf6 4. Nc3 cxd4 5. Qxd4 Nc6 6. Bb5 Bd7 7. Bxc6 Bxc6 8.
Bg5 e6 9. O-O-O Be7 10. Qd3 Qa5 11. Rhe1 O-O 12. Bh4 Rfc8 13. Nd4 Be8 14. f4 b5
15. Kb1 b4 16. Nce2 Qc7 17. h3 Nxe4 18. Bxe7 Nc5 19. Nxe6 Nxd3 20. Nxc7 Rxc7
21. Bxd6 Nxe1 22. Bxc7 Nxg2 23. Rd4 Rc8 24. Rd8 Rxd8 25. Bxd8 Bd7 {#} 26. Be7
$4 (26. h4 Bg4) 26... Bxh3 {Les Blancs vont perdre leurs pions de l'aile Roi
et ne pourront plus arreter la maree Noire...} 27. Bxb4 Bg4 28. Nd4 Nxf4 29. c4
h5 30. Be7 f6 31. c5 h4 32. Bd6 g5 0-1

[Event "ChFRA - Accession"]
[Site "Val d'Isere"]
[Date "2002.08.22"]
[Round "3"]
[White "Schabanel, Stephane"]
[Black "Goldsztejn, Gildas"]
[Result "0-1"]
[WhiteElo "2242"]
[BlackElo "2192"]
[PlyCount "40"]
[EventDate "2002.08.??"]

1. e4 c5 2. Nc3 Nc6 3. Nf3 g6 4. d4 cxd4 5. Nxd4 Bg7 6. Be3 Nf6 7. Bc4 d6 8. f3
Qb6 9. Nf5 Qxb2 10. Nxg7+ Kf8 11. Nd5 Nxd5 12. Bxd5 Kxg7 13. O-O Qc3 14. Qc1
Rd8 15. Rb1 e6 16. Rb3 Qa5 17. Qb2+ Kg8 18. Qf6 exd5 19. e5 d4 20. Bf4 Qd5 0-1

[Event "ChFRA - Accession"]
[Site "Val d'Isere"]
[Date "2002.08.22"]
[Round "3"]
[White "Maze, Sebastien"]
[Black "Amoyal, P."]
[Result "1-0"]
[WhiteElo "2364"]
[BlackElo "2221"]
[PlyCount "51"]
[EventDate "2002.08.??"]

1. e4 c5 2. Nf3 e6 3. Qe2 d6 4. g3 Nc6 5. Bg2 e5 6. O-O Be7 7. c3 h5 8. Rd1 h4
9. d4 hxg3 10. hxg3 Qc7 11. dxe5 dxe5 12. Na3 Bg4 13. Nc4 Nf6 14. Bg5 Nd7 15.
Bxe7 Nxe7 {#
Le Roi Noir est expose au centre; les Blancs en profitent.} 16.
Nd6+ Kf8 17. Nxf7 Kxf7 18. Ng5+ Kg6 19. Qxg4 Nf6 20. Ne6+ Nxg4 21. Nxc7 Raf8
22. Rd6+ Kh7 23. f3 Nf6 24. Rad1 Rf7 25. Ne6 Kg6 26. Nxc5 1-0

[Event "ChFRA - Accession"]
[Site "Val d'Isere"]
[Date "2002.08.22"]
[Round "3"]
[White "Rainfray, Arnaud"]
[Black "Flouzat, JM."]
[Result "1-0"]
[WhiteElo "2374"]
[BlackElo "2243"]
[PlyCount "45"]
[EventDate "2002.08.??"]

1. e4 c6 2. d4 d5 3. e5 c5 4. dxc5 Nc6 5. Bf4 e6 6. Nf3 Bxc5 7. c3 Bxf2+ 8.
Kxf2 Qb6+ 9. Nd4 Qxb2+ 10. Qc2 Qb6 11. Qb3 Qd8 12. Bd3 g5 13. Nxc6 bxc6 14. Be3
Qc7 15. Qa4 Bd7 16. Rf1 Rb8 17. Qxa7 Rb7 18. Qd4 Ne7 19. Kg1 Rg8 20. Nd2 Rb2
21. Nb3 c5 22. Qxc5 Qxe5 23. Bd4 1-0

[Event "ChFRA - Accession"]
[Site "Val d'Isere"]
[Date "2002.08.22"]
[Round "3"]
[White "Harovelo, Ingmar"]
[Black "Claverie, Christophe"]
[Result "1-0"]
[WhiteElo "2242"]
[BlackElo "2392"]
[PlyCount "65"]
[EventDate "2002.08.??"]

1. d4 Nf6 2. c4 g6 3. Nc3 Bg7 4. g3 O-O 5. Bg2 d6 6. Nf3 c6 7. O-O Qa5 8. h3
Be6 9. Qd3 Qa6 10. b3 d5 11. Nd2 dxc4 12. Nxc4 Nfd7 13. Rd1 Rd8 14. Bg5 Nb6 15.
Nxb6 axb6 16. Qe3 Qa5 17. Rac1 Na6 18. Bxe7 Re8 19. Qg5 Bf5 20. g4 h6 21. Qf4
Bxg4 22. Qd6 Bc8 23. e4 Qh5 24. Rd3 c5 25. Nd5 cxd4 26. Nf6+ Bxf6 27. Bxf6 Nc5
28. Rg3 Qe2 29. Bxd4 {#
3 pieces a l'assaut du pauvre Roi Noir sans defense...
} 29... Ne6 30. Qe5 Kh7 31. Rxg6 Ra5 32. Rg7+ Kh8 33. Rg8+ 1-0

[Event "ChFRA - Accession"]
[Site "Val d'Isere"]
[Date "2002.08.22"]
[Round "3"]
[White "Guyot, Philippe"]
[Black "Guidarelli, Laurent"]
[Result "0-1"]
[WhiteElo "2247"]
[BlackElo "2415"]
[PlyCount "52"]
[EventDate "2002.08.??"]

1. e4 c5 2. Nf3 d6 3. c4 e5 4. Nc3 Nc6 5. a3 g6 6. Be2 Bg7 7. O-O Nge7 8. b4 b6
9. Nd5 O-O 10. d3 h6 11. Bd2 f5 12. Nxe7+ Qxe7 13. b5 Nd8 14. exf5 gxf5 15. Bc3
Ne6 16. Re1 Bb7 17. a4 e4 18. Bxg7 Qxg7 19. dxe4 fxe4 20. Nh4 Nf4 21. Kh1 Qf6
22. Ra3 Qxh4 23. g3 {#} 23... Nxe2 24. gxh4 e3+ 25. Qd5+ Bxd5+ 26. cxd5 exf2
0-1

[Event "ChFRA - Accession"]
[Site "Val d'Isere"]
[Date "2002.08.22"]
[Round "3"]
[White "Amigues, E."]
[Black "Bagheri, Amir"]
[Result "1-0"]
[WhiteElo "2252"]
[BlackElo "2424"]
[PlyCount "55"]
[EventDate "2002.08.??"]

1. d4 Nf6 2. Nf3 d5 3. c4 c6 4. Nc3 a6 5. Qb3 dxc4 6. Qxc4 e6 7. Bg5 b5 8. Qb3
Nbd7 9. Rd1 Qc7 10. a3 h6 11. Bh4 Qa5 12. Nd2 Bb7 13. e4 c5 14. d5 Qb6 15. dxe6
fxe6 16. f4 c4 17. Qc2 Qe3+ 18. Be2 Nc5 19. Bf2 Qxf4 20. O-O Ng4 21. Bg3 Qg5
22. Nf3 Qe3+ 23. Kh1 Nxe4 24. Nh4 Nxg3+ 25. hxg3 Ne5 $4 {#} 26. Bh5+ Ke7 27.
Ng6+ Nxg6 28. Qxg6 1-0

[Event "ChFRA - Accession"]
[Site "Val d'Isere"]
[Date "2002.08.22"]
[Round "3"]
[White "Benitah, Yohan"]
[Black "Chabanon, Jean-Luc"]
[Result "0-1"]
[WhiteElo "2341"]
[BlackElo "2483"]
[PlyCount "112"]
[EventDate "2002.08.??"]

1. d4 Nf6 2. c4 g6 3. Nc3 Bg7 4. e4 d6 5. f3 O-O 6. Bg5 a6 7. Nge2 c6 8. Qd2 b5
9. Ng3 Nbd7 10. a4 bxc4 11. Bxc4 Rb8 12. a5 c5 13. dxc5 Ne5 14. Be2 dxc5 15.
Qxd8 Rxd8 16. Bf4 Ne8 17. Nd5 Bb7 18. Nb6 h6 19. Nf1 Nd6 20. Ne3 Nc6 21. Nec4
Nxc4 22. Nxc4 e5 23. Bg3 f5 24. exf5 gxf5 25. Bh4 Rf8 26. Nb6 Nd4 27. Bc4+ Kh8
28. O-O e4 29. f4 Nc2 30. Rab1 Bd4+ 31. Kh1 Ne3 32. Rfe1 Nxc4 33. Nxc4 Rg8 34.
Ne3 Bc8 35. Nc2 Kh7 36. Nxd4 cxd4 37. Bf6 d3 38. Rbd1 Be6 39. Kg1 Rg6 40. Be5
Rbg8 41. Rd2 Bd5 42. g3 h5 43. Kf2 h4 44. Re3 Rh6 45. Kg2 hxg3 46. hxg3 Kg6 47.
Bc3 Rc8 48. Kg1 Rc7 49. Rg2 Rh3 50. Kf2 {#  La fin est exemplaire. Les Noirs
ont accumule suffisamment d'avantages positionnels et ils concluent de maniere
elegante.} 50... Rxc3 $1 51. bxc3 Rh1 52. Re1 e3+ 53. Rxe3 d2 54. Rd3 d1=Q 55.
Rxd1 Rxd1 56. Rg1 Rxg1 0-1

[Event "ChFRA - Accession"]
[Site "Val d'Isere"]
[Date "2002.08.22"]
[Round "3"]
[White "Anic, Darko"]
[Black "Dieu, Bruno"]
[Result "1-0"]
[WhiteElo "2454"]
[BlackElo "2287"]
[PlyCount "165"]
[EventDate "2002.08.??"]

{Darko plus fort que... Dieu!  Cette partie est la derniere de cette 3eme
ronde et on peut dire que le GMI-Entraineur de la FFE nous a donne une lecon
de gestion de la cadence Fischer: il a en effet utilise la moindre seconde
disponible, repetant la position (mais pas trop!)  a plusieurs reprises pour
accumuler les secondes aux moments critiques, et poussant un pion au bon
moment pour eviter la nulle par la regle des 50 coups. Et pour ponctuer le
tout, une superbe lecon sur les finales de Dames.} 1. Nf3 d5 2. d4 c5 3. c4 e6
4. cxd5 exd5 5. Nc3 Nc6 6. g3 Nf6 7. Bg2 Be7 8. O-O O-O 9. Bg5 cxd4 10. Nxd4 h6
11. Be3 Re8 12. Rc1 Bf8 13. Nxc6 bxc6 14. Bd4 Bg4 15. Qa4 Bd7 16. Bxf6 Qxf6 17.
Nxd5 cxd5 18. Qxd7 Rad8 19. Qb5 Rb8 20. Qxd5 Rxe2 21. Rc6 Qe7 22. Bf3 Rexb2 23.
Rd1 Rb1 24. Kg2 Rxd1 25. Bxd1 Rd8 26. Qf3 Rd6 27. Bb3 Rxc6 28. Qxc6 Qd6 29. Qf3
Qf6 30. Qa8 Qe7 31. Qc6 Qd6 32. Qc4 Qf6 33. h4 h5 34. Qc7 Qe7 35. Qc6 Qf6 36.
Qd7 Bc5 37. Qc8+ Bf8 38. Qc7 a6 39. Bc4 g6 40. a4 Kg7 41. a5 Be7 42. Qb6 Bd8
43. Qc5 Be7 44. Qd5 Bb4 45. Bxa6 Be1 46. f3 Qb2+ 47. Kh3 Qf2 48. Qe5+ Kh7 49.
Bd3 Qxf3 50. Bxg6+ fxg6 51. Qxe1 {#  Pour exercer votre technique en finales
de Dames, quel serait votre plan de gain avec les Blancs?} 51... Qf5+ 52. Kh2
Qc2+ 53. Kh1 Qc6+ 54. Kg1 Qc5+ 55. Kh2 Qc2+ 56. Kh3 Qf5+ 57. Kg2 Qd5+ 58. Kh2
Qa2+ 59. Kh3 Qd5 60. a6 Qc6 61. Qe7+ Kh6 62. Qe3+ Kh7 63. Qe7+ Kh6 64. Qf8+ Kh7
65. Qf1 Qe6+ 66. Kh2 Qa2+ 67. Kg1 Qa3 68. Qf7+ Kh6 69. Qf4+ Kh7 70. Qf7+ Kh6
71. Qf4+ Kh7 72. Qc7+ Kh6 73. a7 Qa1+ 74. Kg2 Qa2+ 75. Kf3 Qd5+ 76. Ke3 Qb3+
77. Kd4 Qd1+ 78. Ke5 Qa1+ 79. Ke6 Qa2+ 80. Ke7 Qa3+ 81. Ke8 Qa4+ 82. Kf8 Qa3+
83. Kg8 {Et les Noirs doivent choisir entre le mat, la promotion ou l'abandon.}
1-0

[Event "ChFRA - Accession"]
[Site "Val d'Isere"]
[Date "2002.08.23"]
[Round "4"]
[White "Brunner, Nicolas"]
[Black "Gozzoli, Yannick"]
[Result "0-1"]
[WhiteElo "2252"]
[BlackElo "2373"]
[PlyCount "28"]
[EventDate "2002.08.??"]

1. d4 Nf6 2. c4 c6 3. Nc3 d5 4. Nf3 dxc4 5. a4 Bg4 6. Ne5 Bh5 7. f3 e6 8. e4
Bb4 9. g4 {#} 9... Nxe4 10. fxe4 Qh4+ 11. Ke2 Bxc3 12. bxc3 $4 (12. Rg1 $142)
12... Bxg4+ 13. Nxg4 Qxg4+ 14. Kd2 Qf4+ 0-1